Writing and thinking : (Record no. 18098)
[ view plain ]
| 000 -LEADER | |
|---|---|
| fixed length control field | 00991cam a22003011 4500 |
| 001 - CONTROL NUMBER | |
| control field | 18098 |
| 003 - CONTROL NUMBER IDENTIFIER | |
| rucl marc code | BD-RjUL |
| 005 - DATE AND TIME OF LATEST TRANSACTION | |
| control field | 20211209000233.0 |
| 008 - FIXED-LENGTH DATA ELEMENTS--GENERAL INFORMATION | |
| fixed length control field | 140219s1952 maua 001 1 eng |
| 035 ## - SYSTEM CONTROL NUMBER | |
| System control number | (BD-RjUL)18156 |
| System control number | (OCoLC)317951 |
| 040 ## - CATALOGING SOURCE | |
| Original cataloging agency | DLC |
| Transcribing agency | ODaWU |
| Modifying agency | BD-RjUL |
| Language of cataloging | eng |
| 041 ## - LANGUAGE CODE | |
| Language code of text/sound track or separate title | eng |
| 082 00 - DEWEY DECIMAL CLASSIFICATION NUMBER | |
| Classification number | 808 |
| Author mark and year | FOW 1952 |
| 100 1# - MAIN ENTRY--PERSONAL NAME | |
| Personal name | Foerster, Norman, |
| Dates associated with a name | 1887-1972. |
| 9 (RLIN) | 53806 |
| 245 10 - TITLE STATEMENT | |
| Title | Writing and thinking : |
| Remainder of title | a handbook of composition and revision / |
| Statement of responsibility, etc. | by Norman Foerster and J. M. Steadman, Jr. |
| 250 ## - EDITION STATEMENT | |
| Edition statement | 5th ed., rev. |
| 260 ## - PUBLICATION, DISTRIBUTION, ETC. (IMPRINT) | |
| Place of publication, distribution, etc. | Boston : |
| Name of publisher, distributor, etc. | Houghton Mifflin, |
| Date of publication, distribution, etc. | c1952. |
| 300 ## - PHYSICAL DESCRIPTION | |
| Pagination | xiii, 448 p. : |
| Illustrations | illus. ; |
| Size | 21 cm. |
| 500 ## - GENERAL NOTE | |
| General note | First ed. published in 1919 under title: Sentences and thinking. |
| General note | Includes index. |
| 650 #0 - SUBJECT ADDED ENTRY--TOPICAL TERM | |
| Topical term or geographic name as entry element | English language |
| General subdivision | Composition and exercises. |
| 9 (RLIN) | 25290 |
| Topical term or geographic name as entry element | English language |
| General subdivision | Grammar. |
| 9 (RLIN) | 55782 |
| 700 1# - ADDED ENTRY--PERSONAL NAME | |
| Personal name | Steadman, J. M. |
| 942 ## - ADDED ENTRY ELEMENTS (KOHA) | |
| Source of classification or shelving scheme | Dewey Decimal Classification |
| Koha item type | Books |
| Lost status | Source of classification or shelving scheme | Damaged status | Not for loan | Collection code | Permanent Location | Current Location | Shelving location | Date acquired | Total Checkouts | Full call number | Date last seen | Copy number | Koha item type | Source of acquisition |
|---|---|---|---|---|---|---|---|---|---|---|---|---|---|---|
| Dewey Decimal Classification | Fiction | Central Library, University of Rajshahi | Central Library, University of Rajshahi | 19/02/2014 | 808 FOW 1952 | 19/02/2014 | C-2 | Books | ||||||
| Dewey Decimal Classification | Fiction | Central Library, University of Rajshahi | Central Library, University of Rajshahi | 03/12/1955 | 808 FOW 1952 | 02/03/2014 | C-4 | Books | Asia Foundation | |||||
| Dewey Decimal Classification | Added to bundle | Non-fiction | Central Library, University of Rajshahi | Central Library, University of Rajshahi | Reading Room | 03/12/1955 | 808 FOW 1952 | 11/03/2014 | C-1 | Books | Asia foundation | |||
| Dewey Decimal Classification | Non-fiction | Central Library, University of Rajshahi | Central Library, University of Rajshahi | 23/02/1998 | 808 FOW 1952 | 10/12/2019 | C-3 | Books | replaced by Ali anawer . dpt. English R.U. |